Geometry Dash - Every Top 1 Player On Pointercrate - Statistics

General Stats
  • This quiz has been taken 38 times
  • The average score is 6 of 12
Answer Stats
Hint Answer % Correct
2022-2024 Zoink
100%
2024 TrickGMD
82%
2020-2021 nSwish
76%
2017-2019 Sunix
65%
2019-2020 Technical
62%
2021 RG
53%
2021-2022 Crisis
35%
2017 Wooshi
32%
2022 Wolvez
21%
2017 BlassCFB
9%
2019 BrianTheBurger
9%
2022 Laniakea
9%
No matching quizzes found
Score Distribution
Percent of People with Each Score
Percentile by Number Answered
Your Score History
You have not taken this quiz